000 00650nam a2200205Ia 4500
008 191130s2005##################000#0#eng##
020 _a9780736049047
022 _a2004015224
040 _aACL
_cACL
082 _a796.01 MUR
245 _aThe sport psych handbook
_cShane Murphy, editor
260 _aChampaign, IL
_bHuman Kinetics
_cc2005
300 _axv, 350 p. : ill. ; 26 cm
500 _aIncludes bibliographical references (p. 315-335) and index
650 _aSports - Psychological aspects - Handbooks, manuals, etc
700 _aMurphy, Shane M
990 _a02e963caac10000c0e18f7778b9610b0
991 _a388905
999 _c71122
_d71122